000 00936nam a22002177a 4500
005 20240530110554.0
008 160803s2013 ly f b 000 0 ara d
017 _a2012/38
_bليبيا . دار الكتب الوطنية
020 _a9789959631299
040 _aEG-CaGPL
082 0 4 _221
_a953.072\
_bع م
100 0 _aعلى احمد على كرير
245 1 2 _aالمهاجرون الاندلسيون و تاثيراتهم على بلاد المغربين الادنى و الاوسط خلال القرنين السابع و الثامن الهجريين (13 - 14 م ) /
_cعلى احمد على كرير
250 _aط. 1
260 _aبنغازى :
_bجامعة الزاوية ،
_c2013 .
300 _a426 ص. ؛
_c24 سم .
504 _aيشتمل على ارجاعات ببليوجرافية
651 0 4 _aالمغرب
_xتاريخ
_yالعصر الاسلامى
651 0 4 _aالاندلس .
942 _2ddc
_cBK
999 _c62525
_d62525